00489nam a2200145Ia 4500008004100000245006200041260002800103260000900131300001200140650001800152650001500170856006600185999001900251952007300270170221s9999 xx 000 0 und d 4aThe Nanking Atrocity: Still and Moving Images 1937–1946 bMedia and Communication c2013 a33 : 10 xCommunication xMedia Arts uhttp://www.librelloph.com/mediaandcommunication/issue/current c311084d311084 001040aCLbCLd2017-02-21l0r2017-02-21 00:00:00w2017-02-21yFOJ